| 000 | 00390nam a2200145Ia 4500 | ||
|---|---|---|---|
| 008 | 231129s2004||||xx |||||||||||||| ||spa|| | ||
| 020 | _a958-04-6885-0 | ||
| 040 | _bspa | ||
| 082 | _a (i) 808.068543 S743d | ||
| 100 | _aSpelman Cornelia Maude | ||
| 245 | 0 | _aEl divorcio de mamá y papá oso | |
| 260 | _c2004 | ||
| 264 | _aNorma | ||
| 942 |
_2ddc _cBKS |
||
| 999 |
_c10906 _d10906 |
||